| 000 | 00387nam a22001577a 4500 | ||
|---|---|---|---|
| 003 | OSt | ||
| 005 | 20190204171206.0 | ||
| 020 | _aNA | ||
| 040 | _c0 | ||
| 082 |
_222 _a510.21 |
||
| 100 | _aMathur, A. B. and Jaggi, V. P. | ||
| 245 | _aAdvanced engineering mathematics / | ||
| 260 |
_aDelhi, _bKhanna Publishers, _cc2001. |
||
| 300 |
_a1259p. ; ixL, _bill. ; _c21 cm. |
||
| 942 |
_2ddc _cMATHS _04 |
||
| 999 |
_c5617 _d5617 |
||